| 000 | | | 04825ckc2a2200301#x 450 |
| 001 | | | 7ca8c8ac-b5be-49cd-bde4-e7bc0d6af796 |
| 005 | | | 20250702152812.0 |
| 100 | ## | $a | 20250630j19440722k###0rusy50 ca |
| 101 | 0# | $a | rus |
| 102 | ## | $a | RU |
| 116 | ## | $a | fiybxx####zz####zz |
| 122 | 0# | $a | d19440722## |
| 200 | 1# | $a | Фотокопия приказа № 1 военного коменданта г. Пскова от 22 июля 1944 г. |
| | $j | 22 июля 1944 г. |
| 215 | ## | $a | 1 лист |
| 251 | ## | $c | Дело |
| 461 | #0 | $1 | 001b61f19e8-0c20-446b-a592-24f6d79e5f32 |
| | $1 | 2001 |
| | $a | Фотоколлекция |
| | $j | 1916-2015 |
| | $1 | 251 |
| | $a | 34 описи |
| | $c | Фонд |
| | $1 | 852 |
| | $a | ГАНИПО |
| | $j | П-9961 |
| 462 | #0 | $1 | 001dbb08fb3-a95f-4e79-ae1c-b8330b49edb6 |
| | $1 | 2001 |
| | $a | Фотодокументы, опубликованные во 2-м томе Книги Памяти (г. Псков) |
| | $j | 1941-1990 |
| | $v | Д. 10 |
| | $1 | 251 |
| | $c | Опись |
| | $1 | 852 |
| | $a | ГАНИПО |
| | $j | 2 А |
| 605 | ## | $2 | acquisition_Prlib |
| | $3 | DITM\AF\0000003834 |
| | $a | Народ |
| | $l | коллекция |
| 605 | ## | $2 | acquisition_Prlib |
| | $3 | LIBNET\UAF\0000035839 |
| | $a | Псковская область: страницы истории |
| | $l | коллекция |
| 605 | ## | $2 | acquisition_Prlib |
| | $3 | DITM\AF\0000000338 |
| | $a | Память о Великой Победе |
| | $l | коллекция |
| 606 | 1# | $2 | nlr_sh |
| | $3 | RU\NLR\AUTH\6601702442 |
| | $a | Псковско-Островская операция |
| | $z | 1944 |
| | $j | Архивные дела |
| 617 | ## | $c | Псковская область |
| | $2 | prlib_sh |
| 686 | ## | $2 | rubbk |
| | $a | 63.3(2)622,13ю1 |
| | $v | LBC/M |
| 801 | #0 | $a | RU |
| | $b | ПБ им. Б.Н. Ельцина |
| | $c | 20250630 |
| 801 | #1 | $a | RU |
| | $b | ПБ им. Б.Н. Ельцина |
| | $c | 20250630 |
| | $2 | rusmarc |
| 801 | #2 | $a | RU |
| | $b | ПБ им. Б.Н. Ельцина |
| | $c | 20250702 |
| | $2 | rusmarc |
| 850 | ## | $a | Государственное казенное учреждение Псковской области "Государственный архив новейшей истории Псковской области" (ГКУ ГАНИПО) |
| 852 | ## | $a | ГАНИПО |
| | $j | 10 |
| 035 | ## | $a | LIBNET\0001483071 |
| 937 | ## | $d | 51795385 |
| | $h | Гос. архив новейшей истории Псковской области |
| 856 | 4# | $u | http://readingroom.main.prlib.ru/item.aspx?id_node=n51795385&mode=full |